[Event "CP-2012-P-00056"]
[Site "LSS email"]
[Date "2012.10.01"]
[Round "?"]
[White "Popov, Misha"]
[Black "Lopriore, Nunzio"]
[Result "0-1"]
[WhiteElo "892"]
[BlackElo "1261"]
[PlyCount "158"]
[EventDate "2012.10.05"]
[EventType "tourn (corr)"]
[EventRounds "6"]
[EventCountry "GER"]
[SourceTitle "Telechess CBM 161"]
[Source "ChessBase"]
[SourceDate "2014.07.16"]
[SourceVersion "1"]
[SourceVersionDate "2014.07.16"]
[SourceQuality "1"]

1. Nf3 d5 2. c4 e6 3. cxd5 exd5 4. d4 Nf6 5. Nc3 c6 6. a3 Be7 7. g3 Bf5 8. Bg2 Nbd7 9. Bf4 h6 10. 0-0 0-0 11. Ne5 Ng4 12. Nxg4 Bxg4 13. h3 Be6 14. e4 dxe4 15. Nxe4 Bd5 16. Nc3 Bxg2 17. Kxg2 Nf6 18. Re1 Re8 19. b4 b5 20. Be5 Bd6 21. Bxf6 Qxf6 22. Ne4 Qd8 23. Nxd6 Qxd6 24. Re3 Rad8 25. Rxe8+ Rxe8 26. Qd3 Qd5+ 27. Kh2 Re4 28. Rd1 a6 29. f3 Re6 30. Rd2 Rf6 31. f4 Re6 32. h4 Qe4 33. Qxe4 Rxe4 34. Kh3 Re3 35. d5 cxd5 36. Rxd5 Rxa3 37. Rd8+ Kh7 38. Kg4 h5+ 39. Kh3 g6 40. Rd7 Kg7 41. Rd6 Rb3 42. Rxa6 Rxb4 43. Rb6 Rb1 44. Kg2 b4 45. Kf2 b3 46. Ke2 b2 47. Kd2 Rg1 48. Rxb2 Rxg3 49. Rb4 Rg4 50. Ke3 Rxh4 51. Rb7 Rh3+ 52. Kf2 Kf6 53. Kg2 Rc3 54. Ra7 Ke6 55. Ra5 Rd3 56. Rb5 Rd5 57. Rb4 Kf5 58. Kg3 f6 59. Rc4 g5 60. fxg5 fxg5 61. Ra4 h4+ 62. Kf3 Re5 63. Rb4 h3 64. Kg3 Re3+ 65. Kh2 g4 66. Ra4 Re4 67. Ra8 Kf4 68. Rf8+ Ke3 69. Rf7 Rf4 70. Re7+ Kf3 71. Rg7 Kf2 72. Rg6 Kf3 73. Rg8 Rf5 74. Ra8 g3+ 75. Kg1 Kg4 76. Ra4+ Rf4 77. Ra8 h2+ 78. Kg2 Rf2+ 79. Kh1 Rf1+ 0-1

[Event "SE-2012-0-00109"]
[Site "LSS email"]
[Date "2012.06.04"]
[Round "?"]
[White "Morau, Jose Roberto"]
[Black "Lopriore, Nunzio"]
[Result "0-1"]
[WhiteElo "1220"]
[BlackElo "1260"]
[PlyCount "102"]
[EventDate "2012.04.18"]
[EventType "tourn (corr)"]
[EventRounds "6"]
[EventCountry "GER"]
[SourceTitle "Telechess CBM 159"]
[Source "ChessBase"]
[SourceDate "2014.03.17"]
[SourceVersion "1"]
[SourceVersionDate "2014.03.17"]
[SourceQuality "1"]

1. e4 c6 2. Nf3 d5 3. e5 e6 4. d4 Ne7 5. Bg5 Nd7 6. Nbd2 f6 7. exf6 gxf6 8. Be3 Nf5 9. Bd3 Nxe3 10. fxe3 Qb6 11. b3 e5 12. dxe5 Qxe3+ 13. Qe2 Qxe2+ 14. Bxe2 fxe5 15. Rf1 Rg8 16. g3 Nb6 17. Nxe5 Bg7 18. Rf3 Nd7 19. Nxd7 Bxa1 20. Nf6+ Bxf6 21. Rxf6 Bg4 22. Bxg4 Rxg4 23. Rh6 Rg7 24. Nf3 Kd7 25. Ne5+ Kc7 26. Kd2 Re7 27. Nd3 Rae8 28. Nf4 b5 29. a3 a5 30. h4 Rg8 31. Ne2 Rf7 32. Nd4 Rg6 33. Rxg6 hxg6 34. Ne6+ Kd6 35. Nd8 Rd7 36. Nxc6 Kxc6 37. Kd3 Re7 38. Kd2 Re4 39. Kd3 Kc5 40. c3 Rg4 41. b4+ axb4 42. cxb4+ Kc6 43. Ke3 Rxg3+ 44. Kd4 Rxa3 45. Ke5 Rh3 46. Kd4 Rxh4+ 47. Kc3 d4+ 48. Kd3 Kd5 49. Kd2 Kc4 50. Kc2 Re4 51. Kd2 g5 0-1

[Event "SE-2012-0-00109"]
[Site "LSS email"]
[Date "2012.06.01"]
[Round "?"]
[White "Grimm, Wolfgang"]
[Black "Lopriore, Nunzio"]
[Result "0-1"]
[WhiteElo "1200"]
[BlackElo "1260"]
[PlyCount "58"]
[EventDate "2012.04.18"]
[EventType "tourn (corr)"]
[EventRounds "6"]
[EventCountry "GER"]
[SourceTitle "Telechess CBM 159"]
[Source "ChessBase"]
[SourceDate "2014.03.17"]
[SourceVersion "1"]
[SourceVersionDate "2014.03.17"]
[SourceQuality "1"]

1. c4 Nf6 2. Nc3 e6 3. e4 Nc6 4. d4 d5 5. exd5 exd5 6. Be2 dxc4 7. Nf3 Be6 8. 0-0 Be7 9. Ng5 Bd5 10. Nxd5 Qxd5 11. Bf3 Qd7 12. Re1 Rd8 13. Bxc6 Qxc6 14. Nf3 b5 15. a4 a6 16. axb5 axb5 17. Bg5 Kf8 18. Qe2 Bb4 19. Bd2 Bd6 20. Ne5 Qd5 21. Bg5 h6 22. Bxf6 gxf6 23. Nf3 Bb4 24. Rf1 Kg7 25. Qe3 Rhe8 26. Qf4 c6 27. Ra6 Re6 28. Qg4+ Kf8 29. Qf4 h5 0-1

[Event "LSS No Engine Cup 61 Preliminary 6"]
[Site "LSS email"]
[Date "2012.03.07"]
[Round "?"]
[White "Lopriore, Nunzio"]
[Black "Neil, Charles"]
[Result "1-0"]
[WhiteElo "1227"]
[BlackElo "625"]
[PlyCount "39"]
[EventDate "2012.03.08"]
[EventType "tourn (corr)"]
[EventRounds "6"]
[EventCountry "GER"]
[SourceTitle "Telechess CBM 153"]
[Source "ChessBase"]
[SourceDate "2013.03.14"]
[SourceVersion "1"]
[SourceVersionDate "2013.03.14"]
[SourceQuality "1"]

1. d4 d5 2. Nf3 Nf6 3. c4 e6 4. Nc3 c6 5. Bg5 Nbd7 6. e3 Qa5 7. a3 Ne4 8. Qa4 Qxa4 9. Nxa4 h6 10. Bh4 g5 11. Bg3 Nxg3 12. hxg3 Bg7 13. Bd3 0-0 14. Nc3 a6 15. c5 Nf6 16. Ne5 a5 17. Na4 Bd7 18. Nb6 Rfd8 19. 0-0 Ne8 20. Nexd7 1-0

[Event "LSS No Engine Cup 61 Preliminary 6"]
[Site "LSS email"]
[Date "2012.03.07"]
[Round "?"]
[White "Potapov, Evgeniy M"]
[Black "Lopriore, Nunzio"]
[Result "1/2-1/2"]
[WhiteElo "1734"]
[BlackElo "1227"]
[PlyCount "66"]
[EventDate "2012.03.08"]
[EventType "tourn (corr)"]
[EventRounds "6"]
[EventCountry "GER"]
[SourceTitle "Telechess CBM 153"]
[Source "ChessBase"]
[SourceDate "2013.03.14"]
[SourceVersion "1"]
[SourceVersionDate "2013.03.14"]
[SourceQuality "1"]

1. e4 c6 2. d4 d5 3. Nd2 Nd7 4. Ngf3 e6 5. Bd3 c5 6. exd5 exd5 7. c3 c4 8. Be2 b5 9. 0-0 Bb7 10. Re1 Be7 11. b3 Kf8 12. a4 a6 13. Ba3 Qc7 14. axb5 axb5 15. Bxe7+ Nxe7 16. Rxa8+ Bxa8 17. Qa1 Bc6 18. Qa3 Nf6 19. Ne5 Be8 20. Bf3 cxb3 21. Qxb3 h5 22. Qb4 Kg8 23. Nb3 Qd8 24. Qc5 Rh6 25. Be2 Ne4 26. Qb4 f6 27. Nd3 Nc6 28. Qxb5 Nxd4 29. Qa5 Qxa5 30. Nxa5 Nxc3 31. Bf1 Bf7 32. Nb7 Rg6 33. Re3 Ne6 1/2-1/2

[Event "LSS No Engine Cup 53 Preliminary 6"]
[Site "LSS email"]
[Date "2011.11.03"]
[Round "?"]
[White "Lopriore, Nunzio"]
[Black "Jokmin, Guido"]
[Result "1-0"]
[WhiteElo "1227"]
[BlackElo "678"]
[PlyCount "45"]
[EventDate "2011.11.04"]
[EventType "tourn (corr)"]
[EventRounds "6"]
[EventCountry "GER"]
[SourceTitle "Telechess CBM 157"]
[Source "ChessBase"]
[SourceDate "2013.11.12"]
[SourceVersion "1"]
[SourceVersionDate "2013.11.12"]
[SourceQuality "1"]

1. d4 d5 2. c4 dxc4 3. Nc3 Nf6 4. Nf3 e6 5. e3 Bb4 6. Bxc4 Nc6 7. 0-0 Na5 8. Qa4+ Bd7 9. Qxb4 b6 10. e4 Nxc4 11. Qxc4 a6 12. Bg5 b5 13. Qc5 h6 14. Bf4 Ng4 15. Bxc7 Qf6 16. h3 h5 17. hxg4 hxg4 18. Nh2 Qh6 19. Qa3 f5 20. exf5 Kf7 21. Qd6 Bc8 22. fxe6+ Bxe6 23. d5 1-0

[Event "ZL-2011-0-01006"]
[Site "LSS email"]
[Date "2011.10.26"]
[Round "?"]
[White "Lopriore, Nunzio"]
[Black "Guaimare Rodriguez, Carlos Luis"]
[Result "0-1"]
[WhiteElo "1243"]
[BlackElo "1114"]
[PlyCount "108"]
[EventDate "2011.10.02"]
[EventType "match (corr)"]
[EventRounds "2"]
[EventCountry "GER"]
[SourceTitle "Telechess CBM 157"]
[Source "ChessBase"]
[SourceDate "2013.11.12"]
[SourceVersion "1"]
[SourceVersionDate "2013.11.12"]
[SourceQuality "1"]

1. d4 d5 2. Nf3 Nf6 3. c4 c6 4. e3 e6 5. Nc3 Nbd7 6. Bd3 dxc4 7. Bxc4 b5 8. Bd3 Bb7 9. a3 b4 10. Ne4 c5 11. Nxf6+ Nxf6 12. Bb5+ Nd7 13. dxc5 Bxc5 14. Bxd7+ Qxd7 15. Qxd7+ Kxd7 16. Ne5+ Ke7 17. 0-0 Rhd8 18. axb4 Bxb4 19. b3 Bc3 20. Ba3+ Ke8 21. Nxf7 Kxf7 22. Rac1 Rac8 23. Rfd1 Bd5 24. b4 Bf6 25. Rb1 Be4 26. Rxd8 Rxd8 27. Rc1 Bc2 28. f4 Rd1+ 29. Rxd1 Bxd1 30. Kf2 a6 31. Ke1 Ba4 32. g3 Bc3+ 33. Ke2 Bb5+ 34. Kf3 Kf6 35. e4 h5 36. h4 Ba4 37. Ke2 Bc2 38. Kf3 Bd4 39. Bc1 Bc3 40. Ba3 e5 41. Ke3 exf4+ 42. gxf4 Be1 43. Kf3 Bxh4 44. Bb2+ Kf7 45. Bc3 Be7 46. Bd2 h4 47. Bc3 g5 48. fxg5 Bxg5 49. Kg4 Be7 50. Kf4 Ke6 51. Bd2 Bd1 52. e5 Be2 53. Be1 h3 54. Bg3 Bxb4 0-1

[Event "LSS No Engine Cup 45 Preliminary 7"]
[Site "LSS email"]
[Date "2011.06.29"]
[Round "?"]
[White "Herzog, Klaus"]
[Black "Lopriore, Nunzio"]
[Result "1-0"]
[WhiteElo "1791"]
[BlackElo "1257"]
[PlyCount "127"]
[EventDate "2011.06.30"]
[EventType "tourn (corr)"]
[EventRounds "6"]
[EventCountry "GER"]
[SourceTitle "Telechess CBM 149"]
[Source "ChessBase"]
[SourceDate "2012.07.17"]
[SourceVersion "1"]
[SourceVersionDate "2012.07.17"]
[SourceQuality "1"]

1. d4 d5 2. c4 Nf6 3. cxd5 Qxd5 4. Nc3 Qd8 5. e4 e6 6. Nf3 Nc6 7. Bg5 Be7 8. Bb5 Bd7 9. 0-0 0-0 10. Rc1 a6 11. Be2 Nh5 12. Be3 Nf6 13. h3 Bb4 14. e5 Bxc3 15. exf6 Bxb2 16. fxg7 Bxc1 17. gxf8Q+ Kxf8 18. Qxc1 Kg8 19. Qb1 Qc8 20. Ng5 f5 21. Bc4 Ne7 22. Qb3 c6 23. Bxe6+ Bxe6 24. Qxe6+ Qxe6 25. Nxe6 Nd5 26. Re1 Kf7 27. Bd2 Rc8 28. Ng5+ Kg7 29. Re5 h6 30. Ne6+ Kg6 31. Nc5 b6 32. Nd3 h5 33. Nf4+ Nxf4 34. Bxf4 Rf8 35. Re7 Rf7 36. Rxf7 Kxf7 37. Kf1 Ke6 38. Ke2 Kd5 39. Kd3 b5 40. Bc7 Ke6 41. f4 Kd7 42. Be5 a5 43. g4 fxg4 44. hxg4 hxg4 45. f5 Ke7 46. Ke4 b4 47. Kd3 a4 48. Kc4 b3 49. axb3 a3 50. Kc3 g3 51. Bxg3 Kf6 52. Bd6 a2 53. Kb2 Kxf5 54. Kxa2 Ke4 55. d5 Kxd5 56. Bf8 c5 57. Ka3 c4 58. b4 c3 59. b5 Ke6 60. Kb3 c2 61. Kxc2 Kd7 62. Kb3 Kc7 63. Kc4 Kd7 64. Kc5 1-0

[Event "LSS No Engine Cup 45 Preliminary 7"]
[Site "LSS email"]
[Date "2011.06.29"]
[Round "?"]
[White "Lopriore, Nunzio"]
[Black "Schnoewitz, Brigitte"]
[Result "1-0"]
[WhiteElo "1257"]
[BlackElo "1216"]
[PlyCount "67"]
[EventDate "2011.06.30"]
[EventType "tourn (corr)"]
[EventRounds "6"]
[EventCountry "GER"]
[SourceTitle "Telechess CBM 149"]
[Source "ChessBase"]
[SourceDate "2012.07.17"]
[SourceVersion "1"]
[SourceVersionDate "2012.07.17"]
[SourceQuality "1"]

1. d4 d5 2. Nf3 Nf6 3. c4 c6 4. Nc3 e6 5. e3 Be7 6. Qc2 h6 7. Bd3 Nbd7 8. 0-0 0-0 9. Bd2 c5 10. Rfe1 a6 11. e4 dxe4 12. Nxe4 Nxe4 13. Bxe4 Nf6 14. dxc5 Bxc5 15. Bd3 Qc7 16. b4 Be7 17. a4 b6 18. a5 Bb7 19. axb6 Qxb6 20. c5 Qc7 21. Bc3 Bxf3 22. gxf3 Nd5 23. Rxa6 Nxc3 24. Rxa8 Rxa8 25. Qxc3 Rd8 26. Qc4 e5 27. Qe4 Bf6 28. f4 Qd7 29. fxe5 Qxd3 30. Qxd3 Rxd3 31. exf6 gxf6 32. b5 Rd5 33. b6 Rxc5 34. b7 1-0

[Event "LSS No Engine Cup 45 Preliminary 7"]
[Site "LSS email"]
[Date "2011.06.29"]
[Round "?"]
[White "Shapovalov, Dima"]
[Black "Lopriore, Nunzio"]
[Result "1-0"]
[WhiteElo "1648"]
[BlackElo "1257"]
[PlyCount "59"]
[EventDate "2011.06.30"]
[EventType "tourn (corr)"]
[EventRounds "6"]
[EventCountry "GER"]
[SourceTitle "Telechess CBM 149"]
[Source "ChessBase"]
[SourceDate "2012.07.17"]
[SourceVersion "1"]
[SourceVersionDate "2012.07.17"]
[SourceQuality "1"]

1. e4 c6 2. d4 d5 3. e5 e6 4. Nf3 Nd7 5. Be2 Ne7 6. 0-0 Nf5 7. c4 dxc4 8. Bxc4 Nb6 9. Bb3 Nd5 10. Nc3 Nfe7 11. Ne4 Nf5 12. Bg5 Qb6 13. g4 Nfe7 14. Nd6+ Kd7 15. Nxf7 Rg8 16. Qc2 g6 17. Rac1 h5 18. h3 hxg4 19. hxg4 Kc7 20. Bxd5 exd5 21. e6 Bxe6 22. Bf4+ Kc8 23. Nd6+ Kd7 24. Rfe1 g5 25. Bg3 Qa6 26. b4 Bxg4 27. Ne5+ Kd8 28. Nxg4 Rg7 29. b5 Qb6 30. Qf5 1-0

[Event "LSS No Engine Cup 36 Preliminary 6"]
[Site "LSS email"]
[Date "2011.02.04"]
[Round "?"]
[White "Drozdowski, Kacper"]
[Black "Lopriore, Nunzio"]
[Result "1-0"]
[WhiteElo "1626"]
[BlackElo "1200"]
[PlyCount "81"]
[EventDate "2011.02.05"]
[EventType "tourn (corr)"]
[EventRounds "6"]
[EventCountry "GER"]
[SourceTitle "Telechess CBM 151"]
[Source "ChessBase"]
[SourceDate "2012.11.13"]
[SourceVersion "1"]
[SourceVersionDate "2012.11.13"]
[SourceQuality "1"]

1. e4 c6 2. d4 d5 3. e5 e6 4. Nf3 Ne7 5. Bd3 Nd7 6. 0-0 c5 7. c3 cxd4 8. cxd4 Ng6 9. Nc3 a6 10. Bg5 Be7 11. Bxe7 Qxe7 12. Rc1 0-0 13. g3 Nb6 14. h4 Qb4 15. Qc2 h6 16. h5 Ne7 17. a3 Qa5 18. Qb1 Bd7 19. Qa1 Nc4 20. Rfd1 b5 21. Ne1 Nc6 22. Nc2 Qb6 23. Ne2 Rfd8 24. b3 N4a5 25. Qb2 Rac8 26. Nb4 Rc7 27. Kg2 Rdc8 28. Rc5 Nxb4 29. axb4 Nc6 30. Qc3 Be8 31. Rc1 Bd7 32. f4 Kf8 33. g4 Ke7 34. Ng3 Rf8 35. g5 Rg8 36. g6 f6 37. f5 Rgc8 38. fxe6 Bxe6 39. Bf5 Kd7 40. exf6 gxf6 41. Bxe6+ 1-0

[Event "OP-2011-0-01380"]
[Site "LSS email"]
[Date "2011.01.22"]
[Round "?"]
[White "Reede, Arvo"]
[Black "Lopriore, Nunzio"]
[Result "1-0"]
[WhiteElo "1481"]
[BlackElo "1236"]
[PlyCount "101"]
[EventDate "2011.01.17"]
[EventType "tourn (corr)"]
[EventRounds "4"]
[EventCountry "GER"]
[SourceTitle "Telechess CBM 145"]
[Source "Chessbase"]
[SourceDate "2011.11.11"]
[SourceVersion "1"]
[SourceVersionDate "2011.11.11"]
[SourceQuality "1"]

1. c4 c5 2. Nc3 Nc6 3. Nf3 Nf6 4. e4 e5 5. Be2 Be7 6. 0-0 0-0 7. d3 d6 8. Nd5 Nxd5 9. cxd5 Nb8 10. Nd2 Nd7 11. Qb3 Nf6 12. Nc4 b6 13. f4 exf4 14. Bxf4 Bg4 15. Bxg4 Nxg4 16. Qd1 Nf6 17. Ne3 Re8 18. Nf5 Qd7 19. Qf3 Rad8 20. Bh6 Bf8 21. Bxg7 Bxg7 22. Nxg7 Qe7 23. Nxe8 Nxe8 24. Rae1 Ng7 25. e5 dxe5 26. Rxe5 Qf8 27. Rfe1 a5 28. Re7 h6 29. Rb7 Rb8 30. Ree7 Rxb7 31. Rxb7 Qe8 32. Kf2 Qf8 33. Rxb6 c4 34. d4 Qd8 35. Rb7 Qh4+ 36. Ke2 f6 37. d6 Qxd4 38. d7 Kh7 39. Qg3 Qe4+ 40. Kd1 Qxb7 41. d8Q Qxb2 42. Qxa5 Qb1+ 43. Ke2 f5 44. Qd2 Qb7 45. a4 Nh5 46. Qf3 Qf7 47. a5 Ng7 48. Qc6 Qh5+ 49. Kf1 c3 50. Qcxc3 Qg6 51. Qdb2 1-0

[Event "IECC Swiss-555"]
[Site "IECC email"]
[Date "2010.12.26"]
[Round "?"]
[White "Winbush, Jerome"]
[Black "Lopriore, Nunzio"]
[Result "1/2-1/2"]
[WhiteElo "1575"]
[BlackElo "1351"]
[PlyCount "23"]
[EventDate "2010.??.??"]
[EventType "match (corr)"]
[SourceTitle "Corr 2013"]
[Source "ChessBase"]
[SourceDate "2012.11.12"]
[SourceVersion "1"]
[SourceVersionDate "2012.11.12"]
[SourceQuality "1"]
[WhiteTeam "US of America"]
[BlackTeam "Italy"]
[WhiteTeamCountry "USA"]
[BlackTeamCountry "ITA"]

1. g3 d5 2. Bg2 c6 3. d3 e5 4. Nd2 Nf6 5. Ngf3 Bd6 6. 0-0 0-0 7. e4 Be6 8. Re1 Nbd7 9. Qe2 d4 10. c3 dxc3 11. bxc3 Qc7 12. d4 1/2-1/2

[Event "LSS SE-2010-0-00058"]
[Site "LSS email"]
[Date "2010.12.12"]
[Round "?"]
[White "Petrov, Hristo"]
[Black "Lopriore, Nunzio"]
[Result "1-0"]
[WhiteElo "1267"]
[BlackElo "1236"]
[PlyCount "31"]
[EventDate "2010.09.27"]
[EventType "tourn (corr)"]
[EventRounds "6"]
[EventCountry "GER"]
[SourceTitle "Corr 2013"]
[Source "ChessBase"]
[SourceDate "2012.11.12"]
[SourceVersion "1"]
[SourceVersionDate "2012.11.12"]
[SourceQuality "1"]
[WhiteTeam "US of America"]
[BlackTeam "US of America"]
[WhiteTeamCountry "USA"]
[BlackTeamCountry "USA"]

1. b3 c6 2. Bb2 d5 3. e3 Nd7 4. Nf3 Ngf6 5. c4 e6 6. Nc3 Bd6 7. Be2 0-0 8. Qc2 Re8 9. g4 Nxg4 10. Rg1 Nxh2 11. Rxg7+ Kxg7 12. Ne4+ Ne5 13. Nxe5 Kg8 14. Nxf7 Kxf7 15. Nxd6+ Qxd6 16. Qxh7+ 1-0

[Event "LSS No Engine Cup 32 Preliminary 1"]
[Site "LSS email"]
[Date "2010.12.07"]
[Round "?"]
[White "Lopriore, Nunzio"]
[Black "Draba, Henryk"]
[Result "0-1"]
[WhiteElo "1236"]
[BlackElo "1513"]
[PlyCount "76"]
[EventDate "2010.12.08"]
[EventType "tourn (corr)"]
[EventRounds "6"]
[EventCountry "GER"]
[SourceTitle "Telechess CBM 145"]
[Source "Chessbase"]
[SourceDate "2011.11.11"]
[SourceVersion "1"]
[SourceVersionDate "2011.11.11"]
[SourceQuality "1"]

1. d4 d5 2. c4 c6 3. e3 Nf6 4. Nf3 Bf5 5. Nc3 e6 6. cxd5 exd5 7. a3 Bd6 8. Bd3 Bxd3 9. Qxd3 Nbd7 10. 0-0 0-0 11. Re1 Re8 12. e4 dxe4 13. Nxe4 Rxe4 14. Rxe4 Nc5 15. Re8+ Nxe8 16. Qf5 Nb3 17. Rb1 Qf6 18. Qd3 Qg6 19. Qxg6 hxg6 20. Be3 Nc7 21. Rd1 Re8 22. h3 Nd5 23. Rd3 Na5 24. Nd2 b5 25. b4 Nc4 26. Nf1 a5 27. bxa5 Nxa5 28. Nd2 Nc4 29. Nb1 f5 30. Kf1 Ndxe3+ 31. fxe3 Rxe3 32. Rxe3 Nxe3+ 33. Kf2 Nc2 34. d5 cxd5 35. Nc3 Nxa3 36. Nxd5 Kf7 37. Ke3 Ke6 38. Nc3 b4 0-1

[Event "OP-2010-0-01324"]
[Site "LSS email"]
[Date "2010.11.26"]
[Round "?"]
[White "Lopriore, Nunzio"]
[Black "Hokano, Juan Carlos"]
[Result "0-1"]
[WhiteElo "1276"]
[BlackElo "1360"]
[PlyCount "78"]
[EventDate "2010.11.20"]
[EventType "tourn (corr)"]
[EventRounds "4"]
[EventCountry "GER"]
[SourceTitle "Telechess CBM 145"]
[Source "Chessbase"]
[SourceDate "2011.11.11"]
[SourceVersion "1"]
[SourceVersionDate "2011.11.11"]
[SourceQuality "1"]

1. d4 d6 2. c4 Nf6 3. Nf3 g6 4. Nc3 Bg7 5. Bg5 0-0 6. e3 h6 7. Bf4 c6 8. Bd3 Na6 9. a3 Re8 10. 0-0 Nh5 11. Bg3 Nxg3 12. hxg3 e5 13. Re1 Bg4 14. Rc1 exd4 15. exd4 Rxe1+ 16. Qxe1 Bxf3 17. gxf3 Bxd4 18. Qd2 Nc5 19. Bc2 Qf6 20. f4 Re8 21. Re1 Rxe1+ 22. Qxe1 Kg7 23. Qd2 Bxc3 24. Qxc3 Qxc3 25. bxc3 Kf6 26. Kg2 b5 27. cxb5 cxb5 28. Kf3 Ke6 29. Ke3 Kd5 30. f3 Kc4 31. Kd2 Nb3+ 32. Kd1 Kxc3 33. Be4 Nd4 34. Bd5 f6 35. g4 a5 36. Kc1 Ne2+ 37. Kb1 Nxf4 38. Bf7 h5 39. gxh5 gxh5 0-1

[Event "LSS SE-2008-0-00004"]
[Site "LSS email"]
[Date "2008.03.23"]
[Round "?"]
[White "Lopriore, Nunzio"]
[Black "Castellano, Antonio Jr"]
[Result "0-1"]
[WhiteElo "1332"]
[BlackElo "1351"]
[PlyCount "80"]
[EventDate "2008.03.02"]
[EventType "tourn (corr)"]
[EventRounds "6"]
[EventCountry "GER"]
[SourceTitle "Corr 2013"]
[Source "ChessBase"]
[SourceDate "2012.11.12"]
[SourceVersion "1"]
[SourceVersionDate "2012.11.12"]
[SourceQuality "1"]
[WhiteTeam "US of America"]
[BlackTeam "US of America"]
[WhiteTeamCountry "USA"]
[BlackTeamCountry "USA"]

1. d4 d5 2. Nf3 g6 3. c4 e6 4. Nc3 c6 5. Bg5 Nf6 6. e3 Bg7 7. Qc2 0-0 8. cxd5 exd5 9. Bd3 b6 10. 0-0 Bg4 11. Ne5 Be6 12. Rac1 c5 13. Rfd1 h6 14. Bh4 g5 15. Bg3 Nh5 16. Bh7+ Kh8 17. Bf5 Qe7 18. Nb5 Bxf5 19. Qxf5 Nxg3 20. hxg3 Na6 21. g4 Bxe5 22. dxe5 Rad8 23. a3 Rd7 24. Rd2 Qe6 25. Nd6 Qxf5 26. gxf5 f6 27. f4 fxe5 28. fxe5 Re7 29. e6 Nc7 30. g4 a5 31. e4 d4 32. Rf2 Kg8 33. e5 Nd5 34. Rh2 Nf4 35. Rf1 Nxe6 36. fxe6 Rxf1+ 37. Kxf1 Rxe6 38. Re2 Kh7 39. Kf2 Kg6 40. Kf3 h5 0-1

[Event "LSS SE-2008-0-00004"]
[Site "LSS email"]
[Date "2008.03.23"]
[Round "?"]
[White "Murphy, Jones"]
[Black "Lopriore, Nunzio"]
[Result "0-1"]
[WhiteElo "1340"]
[BlackElo "1348"]
[PlyCount "26"]
[EventDate "2008.03.02"]
[EventType "tourn (corr)"]
[EventRounds "6"]
[EventCountry "GER"]
[SourceTitle "Corr 2013"]
[Source "ChessBase"]
[SourceDate "2012.11.12"]
[SourceVersion "1"]
[SourceVersionDate "2012.11.12"]
[SourceQuality "1"]
[WhiteTeam "US of America"]
[BlackTeam "US of America"]
[WhiteTeamCountry "USA"]
[BlackTeamCountry "USA"]

1. e4 c6 2. d4 d5 3. exd5 cxd5 4. c4 Nf6 5. Nc3 a6 6. Nf3 Bg4 7. cxd5 Nxd5 8. Bc4 e6 9. Qa4+ Nc6 10. Ne5 Nb6 11. Nxc6 Qc7 12. Qa5 Qxc6 13. f3 Nxc4 0-1

[Event "IECG SL.2006.0.00044"]
[Site "IECG email"]
[Date "2006.06.11"]
[Round "?"]
[White "Lopriore, Nunzio"]
[Black "Ciklabakkal, Metin"]
[Result "1-0"]
[WhiteElo "1179"]
[BlackElo "1145"]
[PlyCount "37"]
[EventDate "2006.06.11"]
[EventType "tourn (corr)"]
[EventRounds "6"]
[SourceTitle "Corr 2008"]
[Source "ChessBase"]
[SourceDate "2008.06.24"]
[SourceVersion "1"]
[SourceVersionDate "2008.06.24"]
[SourceQuality "1"]

1. d4 Nf6 2. Nf3 e6 3. c4 d5 4. Nc3 c6 5. e3 Bb4 6. Qc2 Ne4 7. Bd3 f5 8. 0-0 Bxc3 9. bxc3 Qa5 10. a4 Qxc3 11. Bxe4 Qxa1 12. Bd3 Na6 13. Bb2 Qxf1+ 14. Bxf1 Nc7 15. Ne5 Bd7 16. Ba3 Rd8 17. cxd5 Nxd5 18. Qc5 b6 19. Qd6 1-0

[Event "IECG SL.2006.0.00044"]
[Site "IECG email"]
[Date "2006.06.11"]
[Round "?"]
[White "Lopriore, Nunzio"]
[Black "Weiss, Frederic J Marie"]
[Result "1-0"]
[WhiteElo "1179"]
[BlackElo "1461"]
[PlyCount "41"]
[EventDate "2006.06.11"]
[EventType "tourn (corr)"]
[EventRounds "6"]
[SourceTitle "Corr 2008"]
[Source "ChessBase"]
[SourceDate "2008.06.24"]
[SourceVersion "1"]
[SourceVersionDate "2008.06.24"]
[SourceQuality "1"]

1. d4 Nf6 2. c4 e5 3. dxe5 Ng4 4. Bf4 Bc5 5. e3 Nc6 6. Qxg4 g6 7. Bg5 Be7 8. Bxe7 Qxe7 9. Nf3 Qb4+ 10. Nbd2 Qxb2 11. Rb1 Qxa2 12. Qf4 b6 13. Ng5 Nd8 14. Qf6 0-0 15. h4 Ne6 16. Nxh7 Qc2 17. Nxf8 Kxf8 18. h5 Qf5 19. Qh8+ Ke7 20. h6 Bb7 21. Qxa8 1-0